| 000 | 00721cam a2200229 a 4500 | ||
|---|---|---|---|
| 001 | 000019734 | ||
| 005 | 20200929170123.0 | ||
| 008 | 800402s1968 sp 001 p spa d | ||
| 040 |
_aDO-SdBNP _bspa _cLC _dBNPHU |
||
| 082 |
_a861.64 _bG216a |
||
| 100 | 1 |
_aGarciasol, Ramón de, _d1913-1994 _941582 |
|
| 245 | 1 | 0 |
_aApelación al tiempo / _cRamón de Garciasol. |
| 260 |
_aMadrid : _bEspasa-Calpe, _c1968. |
||
| 300 |
_a147, [16] p. ; _c18 cm. |
||
| 490 | 1 |
_aAustral. Violeta: teatro y poesía _v1430 |
|
| 650 | 4 |
_aPoesía española _9631 |
|
| 650 | 4 |
_aLiteratura española _9632 |
|
| 830 | 0 |
_aAustral. _pVioleta: teatro y poesía; _v1430 _939559 |
|
| 910 | _aCatalogación derivada / LC | ||
| 910 | _aWM | ||
| 049 | _aBNGR | ||
| 999 |
_c19248 _d19248 |
||